[Event "Ch Argentina (1/2 final)"]
[Site "masterchessopen.com Argentina"]
[Round "0"]
[White "Glavina Pablo (ARG)"]
[Black "Loiterstein Mariano (ARG)"]
[Result "1-0"]
[WhiteElo "2468"]
[BlackElo "2251"]

1.d4 Nf6 2.Nf3 d6 3.c4 g6 4.Nc3 Bg7 5.g3 O-O 6.Bg2 Nbd7 7.O-O c6 8.e4 e5 9.h3
Qb6 10.Re1 Re8 11.Re2 exd4 12.Nxd4 Nxe4 13.Nxe4 Bxd4 14.Bf4 d5 15.cxd5 cxd5
16.Nd6 Rxe2 17.Qxe2 Nf6 18.Bxd5 Qxb2 19.Bxf7+ Kh8 20.Qxb2 Bxb2 21.Rb1 Bd4
22.Rd1 Bb2 23.Bb3 Kg7 24.Nc4 Bc3 25.Rd8 b5 26.Nd6 Bb7 27.Nxb7 {#r} 1-0

[Event "Ch Europe (juniors)"]
[Site "masterchessopen.com Arnhem (Netherlands)"]
[Round "3"]
[White "Hamalainen Sami (FIN)"]
[Black "Ozanne Mark S (GCI)"]
[Result "1-0"]
[WhiteElo "2266"]
[BlackElo "2031"]

1.Nf3 Nf6 2.c4 g6 3.g3 Bg7 4.Bg2 d6 5.Nc3 O-O 6.O-O Nbd7 7.d4 e5 8.e4 c6 9.h3
Qa5 10.Qc2 exd4 11.Nxd4 Nb6 12.Nce2 Qb4 13.b3 d5 14.cxd5 cxd5 15.e5 Nfd7 16.a4
Qa5 17.Bd2 Qc5 18.a5 Qxc2 19.Nxc2 Nxe5 20.axb6 Bxh3 21.Rxa7 Nf3+ 22.Bxf3 Bxf1
23.Kxf1 Rxa7 24.bxa7 d4 25.Ncxd4 {#r} 1-0

[Event "It (open)"]
[Site "masterchessopen.com Dortmund (Germany)"]
[Round "3"]
[White "Bukal Vladimir (CRO)"]
[Black "Erker Egon Dr (GER)"]
[Result "1-0"]
[WhiteElo "2403"]
[BlackElo "2220"]

1.c4 Nf6 2.g3 g6 3.Bg2 Bg7 4.Nc3 O-O 5.d4 d6 6.Nf3 Nbd7 7.O-O e5 8.e4 c6 9.h3
exd4 10.Nxd4 Re8 11.Be3 Qc7 12.Qc2 a5 13.Rad1 Nc5 14.Rfe1 Bd7 15.f4 Rad8 16.a3
a4 17.Nde2 Qa5 18.Nd4 Re7 19.Bf2 Rde8 20.g4 Bc8 21.Bh4 Bd7 22.Kh1 b5 23.e5
dxe5 24.Nxc6 Bxc6 25.Bxc6 Re6 26.Bxe8 Rxe8 27.cxb5 Nfd7 28.Qg2 h6 29.Qc6 Re6
30.Qc8+ Kh7 31.f5 {#r} 1-0

[Event "It (open)"]
[Site "masterchessopen.com Kecskemet (Hungary)"]
[Round "0"]
[White "Hegedus Iuliu (ROM)"]
[Black "Kettler Bernhard (GER)"]
[Result "1-0"]
[WhiteElo "2342"]
[BlackElo "2240"]

1.d4 Nf6 2.c4 g6 3.Nc3 Bg7 4.g3 d6 5.Bg2 O-O 6.Nf3 Nbd7 7.O-O e5 8.e4 c6 9.h3
Qb6 10.c5 dxc5 11.dxe5 Ne8 12.Bg5 Qxb2 13.Na4 Qb4 14.Be7 b5 15.Nxc5 Nxc5 16.a3
Qxe4 17.Bxc5 Nc7 18.Bxf8 Bxf8 19.Re1 {#r} 1-0

[Event "It (open)"]
[Site "masterchessopen.com Nuernberg (Germany)"]
[Round "0"]
[White "Albrecht Holger (GER)"]
[Black "Botschek Martin (GER)"]
[Result "0-1"]
[WhiteElo "2274"]
[BlackElo "2211"]

1.d4 Nf6 2.c4 g6 3.Nc3 Bg7 4.Nf3 O-O 5.g3 d6 6.Bg2 c6 7.O-O Nbd7 8.e4 e5 9.h3
Qc7 10.Be3 Re8 11.Qc2 Nf8 12.Rad1 Be6 13.b3 Rad8 14.Ng5 Bc8 15.f4 h6 16.Nf3
Nh5 17.Qf2 exf4 18.gxf4 Qa5 19.Bd2 Ne6 20.Ne2 Qxa2 21.f5 Nf8 22.fxg6 fxg6
23.Nh4 Qxb3 24.Qf7+ Kh7 25.Nf5 Bxf5 26.exf5 Rxe2 27.fxg6+ Nxg6 28.Rb1 Qg3 {#R}
0-1

[Event "It (b)"]
[Site "masterchessopen.com Budapest (Hungary)"]
[Round "4"]
[White "Kiss Attila (HUN)"]
[Black "Keschitz Gyorgy (HUN)"]
[Result "1-0"]
[WhiteElo "2358"]
[BlackElo "2307"]

1.d4 Nf6 2.c4 g6 3.Nf3 Bg7 4.g3 O-O 5.Bg2 d6 6.O-O Nbd7 7.Nc3 e5 8.h3 c6 9.e4
exd4 10.Nxd4 Re8 11.b3 Nc5 12.Re1 d5 13.cxd5 Nxd5 14.exd5 Rxe1+ 15.Qxe1 Bxd4
16.Be3 Nd3 17.Qd2 Bxe3 18.Qxe3 Nb4 19.Rd1 Nxd5 20.Bxd5 cxd5 21.Rxd5 Qf6
22.Qe8+ Kg7 23.Rd8 Qc6 24.Qf8+ Kf6 25.Rd6+ Be6 26.Qxa8 Qxc3 27.Qh8+ {#r} 1-0

[Event "It (open) \"]
[Site "masterchessopen.com Buenos Aires (Argentina)"]
[Round "4"]
[White "Menendez Daniel (ARG)"]
[Black "Seminara Juan Pablo (ARG)"]
[Result "1-0"]
[WhiteElo "2216"]
[BlackElo "2326"]

1.Nf3 Nf6 2.g3 g6 3.Bg2 Bg7 4.O-O O-O 5.d4 d6 6.c4 Nbd7 7.Nc3 e5 8.e4 c6 9.h3
Qb6 10.Re1 exd4 11.Nxd4 Ne8 12.Nc2 Nc5 13.Ne3 Nf6 14.Qc2 Re8 15.Rb1 a5 16.b3
Re7 17.Bb2 Be6 18.Rbd1 a4 19.Rxd6 axb3 20.axb3 Ne8 21.Ncd5 Bxd5 22.Nxd5 Nxd6
23.Nxb6 Ra2 24.Qd1 Ndxe4 25.Bxg7 {#r} 1-0

[Event "It (open)"]
[Site "masterchessopen.com Koblenz (Germany)"]
[Round "6"]
[White "Schaller Sven (GER)"]
[Black "Weigel Herbert (GER)"]
[Result "1-0"]
[WhiteElo "2288"]
[BlackElo "2118"]

1.d4 Nf6 2.c4 g6 3.g3 Bg7 4.Bg2 O-O 5.Nc3 d6 6.Nf3 c6 7.O-O Nbd7 8.e4 e5 9.h3
a5 10.Re1 Re8 11.Qc2 Qc7 12.Be3 b5 13.cxb5 cxb5 14.Rac1 Ba6 15.Qb3 Qb7 16.dxe5
a4 17.Qb4 dxe5 18.Nd5 Bf8 19.Nxf6+ Nxf6 20.Bc5 Bxc5 21.Rxc5 Qe7 22.Nxe5 Rac8
23.Nd3 Rcd8 24.Re3 Qe6 25.a3 Qa2 26.Kh2 Bb7 27.Rc7 Bxe4 28.Bxe4 Qb1 29.Rc1
Rxe4 30.Rxb1 {#r} 1-0

[Event "It (open)"]
[Site "masterchessopen.com Meudon (France)"]
[Round "6"]
[White "Daillet Emmanuel (FRA)"]
[Black "Marcantoni Herve (FRA)"]
[Result "0-1"]
[WhiteElo "2244"]
[BlackElo "2247"]

1.d4 Nf6 2.c4 g6 3.Nc3 Bg7 4.Nf3 O-O 5.g3 d6 6.Bg2 Nbd7 7.O-O e5 8.e4 c6 9.h3
Qb6 10.d5 cxd5 11.cxd5 Nc5 12.Qe2 Bd7 13.Be3 a5 14.Rfc1 Rfc8 15.Nd2 a4 16.Kh2
Qd8 17.f4 Ne8 18.Bf1 f5 19.Qf2 a3 20.Rab1 exf4 21.Bxf4 axb2 22.Rxb2 Na4 {#R}
0-1

[Event "Olympiad"]
[Site "masterchessopen.com Novi Sad (Yugoslavia)"]
[Round "0"]
[White "Greenfeld Alon (ISR)"]
[Black "Reyes Juan (PER)"]
[Result "1-0"]
[WhiteElo "2573"]
[BlackElo "2437"]

1.d4 Nf6 2.c4 g6 3.Nf3 Bg7 4.g3 O-O 5.Bg2 d6 6.O-O Nbd7 7.Nc3 c6 8.e4 e5 9.h3
exd4 10.Nxd4 Qb6 11.Nde2 Qc7 12.Be3 Re8 13.Qc2 Nf8 14.Rad1 Ne6 15.Qd2 Bf8
16.g4 Nd7 17.b3 a6 18.Rc1 Ng7 19.Kh1 f6 20.f4 Qd8 21.Bf3 Qe7 22.Rce1 f5 23.Ng3
fxg4 24.hxg4 Nf6 25.f5 Nd7 26.g5 Qf7 27.Bd1 Ne5 28.fxg6 Qxg6 29.Rf6 {#r} 1-0

[Event "It \"]
[Site "masterchessopen.com Prague (Czech Republic)"]
[Round "1"]
[White "Mozny Milos (CZE)"]
[Black "Dolezal Martin (CZE)"]
[Result "1-0"]
[WhiteElo "2375"]
[BlackElo "2260"]

1.d4 Nf6 2.c4 g6 3.g3 Bg7 4.Bg2 O-O 5.Nc3 d6 6.Nf3 Nbd7 7.O-O e5 8.e4 c6 9.h3
Qb6 10.c5 dxc5 11.dxe5 Ne8 12.e6 fxe6 13.Ng5 Ne5 14.f4 h6 15.fxe5 Rxf1+
16.Qxf1 hxg5 17.Bxg5 Bxe5 18.Qf3 Qxb2 19.Rf1 Ng7 20.Ne2 Bd7 21.Bc1 Qxa2
22.Qf7+ Kh7 23.Nf4 Be8 24.Qe7 Qc4 25.Kh1 Qd4 26.Nxe6 {#r} 1-0

[Event "It \"]
[Site "masterchessopen.com Prague (Czech Republic)"]
[Round "3"]
[White "Mozny Milos (CZE)"]
[Black "Sykora Robert (CZE)"]
[Result "1-0"]
[WhiteElo "2375"]
[BlackElo "1840"]

1.d4 Nf6 2.c4 d6 3.Nf3 g6 4.g3 Bg7 5.Bg2 O-O 6.O-O Nbd7 7.Nc3 e5 8.e4 c6 9.h3
Qb6 10.c5 dxc5 11.dxe5 Ne8 12.e6 fxe6 13.Ng5 Ne5 14.f4 c4+ 15.Kh2 Nd3 16.e5
Nc7 17.b3 Nxc1 18.bxc4 Nxa2 19.Rxa2 Na6 20.Rd2 Nc5 21.Rd6 Qb4 22.Qd4 Nb3
23.Qe3 c5 24.Rb1 a5 25.Na2 Qxc4 26.Qxb3 Qxb3 27.Rxb3 a4 28.Rb5 Bxe5 29.fxe5
Rf2 30.Rxc5 {#r} 1-0

[Event "It \"]
[Site "masterchessopen.com Prague (Czech Republic)"]
[Round "3"]
[White "Mozny Milos (CZE)"]
[Black "Diek Heinrich (GER)"]
[Result "1-0"]
[WhiteElo "2375"]
[BlackElo "2270"]

1.d4 Nf6 2.g3 g6 3.Bg2 Bg7 4.c4 O-O 5.Nc3 d6 6.Nf3 c6 7.O-O Nbd7 8.e4 e5 9.h3
h6 10.Be3 Ne8 11.Qd2 Kh7 12.Rad1 Qc7 13.Nh4 exd4 14.Bxd4 Ne5 15.b3 Bf6 16.f4
Bxh4 17.gxh4 Nd7 18.h5 Ndf6 19.Bxf6 Nxf6 20.hxg6+ fxg6 21.Qxd6 Qg7 22.Ne2 Nh5
23.Kh2 a5 24.Bf3 Nf6 25.Rg1 a4 26.b4 a3 27.Rxg6 Qf7 28.f5 Bxf5 29.exf5 Rad8
30.Qxf6 Rxd1 31.Rxh6+ {#r} 1-0

[Event "It (open)"]
[Site "masterchessopen.com St. Ingbert (Germany)"]
[Round "5"]
[White "Hahn Harald"]
[Black "Zimmermann Andre (GER)"]
[Result "0-1"]
[WhiteElo "1710"]
[BlackElo "2099"]

1.d4 Nf6 2.Nf3 g6 3.c4 Bg7 4.Nc3 O-O 5.g3 d6 6.Bg2 Nbd7 7.O-O c6 8.e4 e5 9.h3
Nh5 10.d5 c5 11.Ne1 a6 12.a4 Qe8 13.Kh2 f5 14.exf5 gxf5 15.Nd3 Ndf6 16.Rg1 Qg6
17.Bf3 Kh8 18.Qe2 e4 {#R} 0-1

[Event "Staatsliga"]
[Site "masterchessopen.com Austria"]
[Round "0"]
[White "Beck Hartmuth (AUT)"]
[Black "Fischler Wolfgang (AUT)"]
[Result "1-0"]
[WhiteElo "2305"]
[BlackElo "2233"]

1.c4 Nf6 2.Nc3 g6 3.g3 Bg7 4.Bg2 O-O 5.d4 d6 6.Nf3 Nbd7 7.O-O e5 8.e4 c6 9.h3
exd4 10.Nxd4 Nc5 11.Re1 a5 12.b3 Re8 13.Bb2 Nfd7 14.Re2 Ne5 15.Rd2 f6 16.Ba3
Qc7 17.Kh2 Bd7 18.f4 Nf7 19.Bxc5 dxc5 20.Ndb5 cxb5 21.Rxd7 Qc8 22.Qd5 Rf8
23.Nxb5 a4 24.Rd1 axb3 25.axb3 h5 26.Nc7 Qxd7 27.Qxd7 Rad8 28.Ne6 Rxd7 29.Rxd7
{#r} 1-0

[Event "It (open) \"]
[Site "masterchessopen.com Bratislava (Slovakia)"]
[Round "6"]
[White "Djubek Boris (SVK)"]
[Black "Bednar Jaromir (SVK)"]
[Result "1-0"]
[WhiteElo "2172"]
[BlackElo "2292"]

1.d4 Nf6 2.c4 g6 3.Nc3 Bg7 4.g3 O-O 5.Bg2 d6 6.Nf3 Nbd7 7.O-O c6 8.e4 e5 9.h3
exd4 10.Nxd4 Nc5 11.Be3 Re8 12.Qc2 a5 13.Rad1 a4 14.Nxc6 Qc7 15.Nd4 Qe7
16.Rfe1 Nfd7 17.Ndb5 Bxc3 18.Qxc3 {#r} 1-0

[Event "It (festival)"]
[Site "masterchessopen.com Budapest (Hungary)"]
[Round "0"]
[White "Bilek Istvan (HUN)"]
[Black "Szekeres Tibor (HUN)"]
[Result "1-0"]
[WhiteElo "2375"]
[BlackElo "2148"]

1.Nf3 Nf6 2.g3 g6 3.Bg2 Bg7 4.O-O O-O 5.d4 d6 6.c4 c6 7.Nc3 Nbd7 8.e4 e5 9.h3
Qe7 10.Be3 h6 11.Re1 Re8 12.Qd2 Kh7 13.Rad1 b6 14.Qc2 Bb7 15.b3 Rac8 16.Kh2 b5
17.c5 dxc5 18.dxe5 Nxe5 19.Nxe5 Qxe5 20.Nb1 Bf8 21.f4 Qe7 22.Nd2 Rcd8 23.Rc1
Rd7 24.e5 Nd5 25.Ne4 Red8 26.Bxc5 Qe6 27.Bxf8 Rxf8 28.Nc5 {#r} 1-0

[Event "It (festival)"]
[Site "masterchessopen.com Budapest (Hungary)"]
[Round "0"]
[White "Szilagyi Peter (HUN)"]
[Black "Balogh Bela (HUN)"]
[Result "1-0"]
[WhiteElo "2373"]
[BlackElo "2230"]

1.Nf3 Nf6 2.c4 g6 3.d4 Bg7 4.g3 O-O 5.Bg2 d6 6.O-O Nbd7 7.Nc3 e5 8.h3 c6 9.e4
exd4 10.Nxd4 Re8 11.Re1 Nc5 12.Rb1 a5 13.b3 Qb6 14.Be3 Qb4 15.Ncb5 Ncxe4
16.Nc2 cxb5 17.Nxb4 Nc3 18.Qxd6 Nxb1 19.Nc6 Bd7 20.Ne7+ Rxe7 21.Qxe7 Nc3
22.Bd4 Re8 23.Bxc3 {#r} 1-0

[Event "Cup Germany"]
[Site "masterchessopen.com Erfurt (Germany)"]
[Round "0"]
[White "Paehtz Thomas (GER)"]
[Black "Schulz Karsten (GER)"]
[Result "1-0"]
[WhiteElo "2455"]
[BlackElo "2310"]

1.c4 g6 2.Nc3 Bg7 3.d4 d6 4.g3 Nf6 5.Bg2 O-O 6.Nf3 Nbd7 7.O-O e5 8.h3 c6 9.e4
Qb6 10.d5 cxd5 11.cxd5 Nc5 12.Qe2 Bd7 13.Be3 Rfc8 14.Rfc1 a5 15.Nd2 a4 16.b4
Qxb4 17.Rab1 Qa5 18.Nc4 Qa6 19.Nb6 Bf8 20.Qxa6 Rxa6 21.Nxc8 Bxc8 22.Bf1 Ra8
23.f3 Ne8 24.Nb5 Ra5 25.Na3 {#r} 1-0

[Event "Ch Finland (team)"]
[Site "masterchessopen.com Finland"]
[Round "0"]
[White "Seppanen Asko (FIN)"]
[Black "Kanko Ilkka (FIN)"]
[Result "0-1"]
[WhiteElo "2201"]
[BlackElo "2231"]

1.c4 g6 2.Nc3 Bg7 3.Nf3 d6 4.g3 Nf6 5.Bg2 O-O 6.O-O e5 7.d4 Nbd7 8.h3 c6 9.e4
Qb6 10.Re1 Re8 11.b3 exd4 12.Na4 Qa5 13.Nxd4 Nc5 14.Bd2 Qd8 15.Nxc5 dxc5
16.Nc2 Nd7 17.Rb1 Nf8 18.Re2 f5 19.Kh2 fxe4 20.Bxe4 Qf6 21.Bc1 Rxe4 22.Rxe4
Qxf2+ 23.Kh1 Bf5 24.Re2 Qf3+ 25.Kh2 Bd3 26.Rd2 Qxd1 27.Rxd1 Bxc2 28.Be3 Bxb1
{#R} 0-1

[Event "It \"]
[Site "masterchessopen.com Gausdal (Norway)"]
[Round "0"]
[White "Madsen Dag (NOR)"]
[Black "Djurhuus Rune (NOR)"]
[Result "1-0"]
[WhiteElo "2265"]
[BlackElo "2410"]

1.d4 Nf6 2.c4 g6 3.g3 Bg7 4.Bg2 O-O 5.Nf3 d6 6.O-O Nbd7 7.Nc3 e5 8.e4 c6 9.h3
Qb6 10.Re1 exd4 11.Nxd4 Ne8 12.Nb3 a5 13.Be3 Qb4 14.a3 Qxc4 15.Nd4 Bxd4
16.Bxd4 Nc5 17.Bf1 Qb3 18.Qd2 a4 19.e5 Qe6 20.Qh6 Qd7 21.Bxc5 dxc5 22.Ne4 {#r}
1-0

[Event "Ch Hamburg"]
[Site "masterchessopen.com Hamburg (Germany)"]
[Round "2"]
[White "Hochgraefe Markus (GER)"]
[Black "Moehrmann Marcus (GER)"]
[Result "1-0"]
[WhiteElo "2345"]
[BlackElo "2059"]

1.Nf3 Nf6 2.c4 g6 3.g3 Bg7 4.Bg2 d6 5.d4 O-O 6.O-O Nbd7 7.Nc3 c6 8.e4 e5 9.h3
Re8 10.Re1 Qb6 11.Re2 a5 12.Be3 exd4 13.Nxd4 Qa6 14.b3 Nc5 15.Qc2 a4 16.Rb1
axb3 17.axb3 Be6 18.Rd2 Qa3 19.b4 Na4 20.Ncb5 {#r} 1-0

[Event "Ch Hungary (team)"]
[Site "masterchessopen.com Hungary"]
[Round "0"]
[White "Deak Sandor (HUN)"]
[Black "Doleschall Gyorgy (HUN)"]
[Result "1-0"]
[WhiteElo "2299"]
[BlackElo "2225"]

1.d4 Nf6 2.c4 g6 3.g3 Bg7 4.Bg2 O-O 5.Nc3 d6 6.Nf3 c6 7.O-O Nbd7 8.h3 e5 9.e4
a6 10.Be3 Re8 11.Qc2 Qc7 12.Rac1 exd4 13.Nxd4 Nc5 14.Rfe1 Be6 15.b3 Rac8
16.Qd2 a5 17.Rcd1 Rcd8 18.Bg5 Ra8 19.Bf4 Nh5 20.Be3 a4 21.b4 Nd7 22.Nxe6 Rxe6
23.Ne2 Ne5 24.Qc2 Rae8 25.Rd2 a3 26.Red1 Bf8 27.Nd4 R6e7 28.Bg5 f6 29.Be3 Ng7
30.Ne2 h5 {#r} 1-0

[Event "It (open)"]
[Site "masterchessopen.com Las Vegas (USA)"]
[Round "0"]
[White "Larsen Kenneth (USA)"]
[Black "Hoyos-Millan Luis Bernardo (COL)"]
[Result "1-0"]
[WhiteElo "2335"]
[BlackElo "2112"]

1.g3 Nf6 2.Bg2 g6 3.d4 Bg7 4.c4 O-O 5.Nf3 d6 6.O-O c6 7.Nc3 Nbd7 8.e4 e5 9.h3
Qb6 10.b3 exd4 11.Na4 Qa6 12.Nxd4 b5 13.cxb5 cxb5 14.Nc3 Rb8 15.Re1 b4 16.Nd5
Nxd5 17.exd5 Ne5 18.Bf4 Nd3 19.Nc6 Nxf4 20.Nxb8 Qb6 21.Nc6 Nxh3+ 22.Bxh3 Bxh3
23.Rc1 Bc3 24.Rxc3 bxc3 25.Qf3 Qc5 26.Qf6 h5 27.Ne7+ {#r} 1-0

[Event "Ch Spain"]
[Site "masterchessopen.com Lleida (Spain)"]
[Round "0"]
[White "Gaya Yodra Juan (ESP)"]
[Black "Permuy Lorenzo Carlos Javier (ESP)"]
[Result "1-0"]
[WhiteElo "2160"]
[BlackElo "2290"]

1.Nf3 g6 2.c4 Bg7 3.Nc3 Nf6 4.d4 O-O 5.g3 d6 6.Bg2 c6 7.O-O Nbd7 8.h3 e5 9.e4
Re8 10.Be3 exd4 11.Nxd4 Nc5 12.Qc2 a5 13.Rad1 Qc7 14.Rd2 Bf8 15.Rfd1 Qe7
16.Re2 Bd7 17.Nb3 Nxb3 18.Qxb3 Be6 19.Bf4 Qd7 20.Bxd6 Bxd6 21.e5 Qc7 22.Rxd6
Nd7 23.Ne4 b5 24.Qe3 f5 25.Rxd7 Bxd7 26.Nf6+ Kg7 27.Nxd7 Qxd7 28.cxb5 cxb5
29.Bxa8 Rxa8 30.e6 Qd5 31.Rd2 {#r} 1-0

[Event "It (open)"]
[Site "masterchessopen.com Los Angeles (USA)"]
[Round "0"]
[White "Larsen Kenneth (USA)"]
[Black "Wright Josie H (AUS)"]
[Result "1-0"]
[WhiteElo "2335"]
[BlackElo "2075"]

1.g3 g6 2.Bg2 Bg7 3.d4 d6 4.Nf3 Nf6 5.O-O O-O 6.c4 c6 7.Nc3 Nbd7 8.e4 e5 9.h3
Qb6 10.Qc2 Qa6 11.b3 b5 12.d5 bxc4 13.dxc6 cxb3 14.Qxb3 Nc5 15.Qc2 Qxc6 16.Ba3
Be6 17.Ng5 Rfc8 18.Rac1 h6 19.Bxc5 hxg5 20.Be3 d5 21.exd5 Bxd5 22.Nxd5 Qxc2
23.Nxf6+ Bxf6 24.Rxc2 Rxc2 25.Bxa8 {#r} 1-0

[Event "It (open)"]
[Site "masterchessopen.com Muenster (Germany)"]
[Round "0"]
[White "Kalinitschew Sergey (GER)"]
[Black "Bender Stephan (GER)"]
[Result "1-0"]
[WhiteElo "2420"]
[BlackElo "2265"]

1.d4 Nf6 2.Nf3 g6 3.c4 Bg7 4.g3 O-O 5.Bg2 d6 6.O-O c6 7.Nc3 Nbd7 8.h3 e5 9.e4
Re8 10.Re1 a6 11.Rb1 b5 12.c5 b4 13.dxe5 bxc3 14.exf6 Nxf6 15.Bg5 Qd7 16.Bxf6
Bxf6 17.cxd6 c2 18.Qxc2 Qxd6 19.e5 Bxe5 20.Rbd1 Qf6 21.Nxe5 Rxe5 22.Rxe5 Qxe5
23.Qxc6 Rb8 24.Rd8+ Kg7 25.Rxc8 {#r} 1-0

[Event "It (open)"]
[Site "masterchessopen.com New York (USA)"]
[Round "8"]
[White "Kraai Jesse (USA)"]
[Black "Sherzer Alex (USA)"]
[Result "0-1"]
[WhiteElo "2290"]
[BlackElo "2460"]

1.d4 Nf6 2.c4 g6 3.Nc3 Bg7 4.Nf3 O-O 5.g3 d6 6.Bg2 Nbd7 7.O-O e5 8.e4 c6 9.h3
Qb6 10.Re1 exd4 11.Nxd4 Ng4 12.Nce2 Nge5 13.b3 Nc5 14.Be3 Re8 15.Nc3 a5 16.Qc2
a4 17.Red1 Qc7 18.f4 axb3 19.axb3 Rxa1 20.Rxa1 Ned3 21.Rd1 Nb4 22.Qb1 f5
23.Bc1 fxe4 24.Ba3 Qb6 25.Bxb4 Qxb4 26.Nxe4 Nxe4 27.Bxe4 Qc5 28.Qd3 Bxh3
29.Kh2 Qh5 {#R} 0-1

[Event "Ch Paris (open)"]
[Site "masterchessopen.com Paris (France)"]
[Round "0"]
[White "Roos Celine (FRA)"]
[Black "Marcantoni Herve (FRA)"]
[Result "1-0"]
[WhiteElo "2160"]
[BlackElo "2247"]

1.c4 g6 2.Nc3 Nf6 3.g3 Bg7 4.Bg2 O-O 5.Nf3 d6 6.d4 Nbd7 7.O-O e5 8.h3 c6 9.e4
Qb6 10.Re1 a5 11.Be3 Qb4 12.Bf1 a4 13.Qc2 Qa5 14.Rad1 exd4 15.Nxd4 Nc5 16.Bf4
Rd8 17.Nf3 a3 18.b3 Nfd7 19.Nb1 Ne5 20.Nxe5 Bxe5 21.b4 {#r} 1-0

[Event "It (open)"]
[Site "masterchessopen.com Ponferrada (Spain)"]
[Round "0"]
[White "Sanchez Guirado Francisco (ESP)"]
[Black "Leonardo Joao (POR)"]
[Result "1-0"]
[WhiteElo "2369"]
[BlackElo "2236"]

1.Nf3 Nf6 2.c4 g6 3.d4 Bg7 4.g3 O-O 5.Bg2 d6 6.O-O c6 7.Nc3 Nbd7 8.e4 e5 9.h3
Re8 10.Be3 h6 11.Rb1 exd4 12.Nxd4 Nc5 13.Qc2 a5 14.Rfe1 Qe7 15.Rbd1 a4 16.Kh2
Kh7 17.Bf4 Nfd7 18.Nf5 gxf5 19.exf5 Qf6 20.Rxe8 Ne5 21.Rxd6 Qxd6 22.f6+ Qd3
23.Bxe5 {#r} 1-0

[Event "It (open)"]
[Site "masterchessopen.com Apolda (Germany)"]
[Round "2"]
[White "Neubauer Ralf Dr (GER)"]
[Black "Troyke Christian (GER)"]
[Result "0-1"]
[WhiteElo "2037"]
[BlackElo "2361"]

1.d4 Nf6 2.c4 g6 3.g3 Bg7 4.Bg2 O-O 5.Nf3 d6 6.O-O Nbd7 7.Nc3 c6 8.e4 e5 9.h3
Qb6 10.b3 exd4 11.Na4 Qc7 12.Nxd4 Re8 13.Re1 Nc5 14.Nc3 a5 15.Bb2 Bd7 16.Qc2
Qc8 17.Kh2 Re5 18.Nde2 Rh5 19.Nf4 Rh6 20.Kg1 g5 21.e5 dxe5 22.Rxe5 gxf4
23.Rxc5 Bxh3 24.Rg5 Bxg2 25.Kxg2 Qh3+ 26.Kf3 fxg3 27.fxg3 Rg6 28.Qf5 Qh6
29.Bc1 Qh1+ 30.Ke2 Qg2+ {#R} 0-1

[Event "Cup Donau (open)"]
[Site "masterchessopen.com Budapest (Hungary)"]
[Round "0"]
[White "Feher Gyula (HUN)"]
[Black "Petran Pal (HUN)"]
[Result "0-1"]
[WhiteElo "2334"]
[BlackElo "2485"]

1.c4 Nf6 2.Nc3 g6 3.g3 Bg7 4.Bg2 O-O 5.Nf3 d6 6.d4 Nbd7 7.O-O e5 8.e4 c6 9.h3
Re8 10.Re1 a5 11.Be3 a4 12.Qc2 Qa5 13.Rad1 exd4 14.Nxd4 Nc5 15.f3 Nfd7 16.Kh2
Nf8 17.f4 Nfe6 18.Nxe6 Bxe6 19.Rxd6 a3 20.e5 Bf5 21.Qd2 axb2 22.Bxc5 Qxc5
23.Qxb2 Qxc4 24.Red1 h5 {#R} 0-1

[Event "It \"]
[Site "masterchessopen.com Buenos Aires (Argentina)"]
[Round "5"]
[White "Yabiansky Marcelo (ARG)"]
[Black "Paredes Alejandro (ARG)"]
[Result "1-0"]
[WhiteElo "2175"]
[BlackElo "2200"]

1.d4 Nf6 2.c4 g6 3.Nc3 Bg7 4.Nf3 O-O 5.g3 d6 6.Bg2 Nbd7 7.O-O e5 8.h3 c6 9.e4
Qb6 10.d5 Nc5 11.Re1 cxd5 12.cxd5 Bd7 13.Bf1 Ne8 14.Nd2 a5 15.Nc4 Qc7 16.a4 f5
17.exf5 gxf5 18.Nb5 Bxb5 19.axb5 a4 20.b4 Nb3 21.Ra3 Nf6 22.Be3 f4 23.gxf4
Rfe8 24.Nb6 Qe7 25.Rxb3 axb3 26.Nxa8 Qf7 27.Qg4 Qh5 28.Bd4 Qf7 29.Re3 {#r} 1-0

[Event "Match (active)"]
[Site "masterchessopen.com Chalkidiki (Greece)"]
[Round "5"]
[White "Nogueiras Jesus (CUB)"]
[Black "Papaioannou Ioannis (GRE)"]
[Result "1-0"]
[WhiteElo "2570"]
[BlackElo "2600"]

1.d4 Nf6 2.Nf3 d6 3.c4 g6 4.Nc3 Bg7 5.g3 O-O 6.Bg2 Nbd7 7.O-O c6 8.e4 e5 9.h3
Re8 10.Be3 a6 11.Qc2 Rb8 12.Rad1 b5 13.c5 exd4 14.Nxd4 Bb7 15.Nb3 dxc5 16.Nxc5
Qe7 17.Nxb7 Rxb7 18.Rfe1 Rbb8 19.f4 Rec8 20.e5 Ne8 21.Ne4 c5 22.Qf2 a5 23.Rd2
c4 24.Ba7 Ra8 25.Nd6 Nxd6 26.exd6 Qxe1+ 27.Qxe1 Rxa7 28.Qe3 Nc5 29.Rd5 Ne6
30.Qxa7 Bxb2 31.Qb7 {#r} 1-0

[Event "Ch World (juniors) (under 16)"]
[Site "masterchessopen.com Duisburg (Germany)"]
[Round "8"]
[White "Hausrath Daniel (GER)"]
[Black "Hagesaether Paal Vegard (NOR)"]
[Result "1-0"]
[WhiteElo "2507"]
[BlackElo "2278"]

1.d4 Nf6 2.c4 g6 3.g3 Bg7 4.Bg2 d6 5.Nf3 O-O 6.O-O Nbd7 7.Nc3 e5 8.h3 c6 9.e4
Re8 10.Be3 Qe7 11.d5 cxd5 12.cxd5 b6 13.b4 Bb7 14.Rc1 Rec8 15.Nd2 Ne8 16.g4 a5
17.a3 axb4 18.axb4 Nc7 19.Re1 Na6 20.Qb3 Qh4 21.Nb5 Bf8 22.Nc4 Rd8 23.Ncxd6
Bc8 24.Rc6 Rb8 25.Ra1 {#r} 1-0

[Event "Cup Arnold"]
[Site "masterchessopen.com Gausdal (Norway)"]
[Round "0"]
[White "Adianto Utut (INA)"]
[Black "Kjeldsen Jens (DEN)"]
[Result "1-0"]
[WhiteElo "2485"]
[BlackElo "2365"]

1.d4 Nf6 2.Nf3 g6 3.g3 Bg7 4.Bg2 O-O 5.O-O d6 6.c4 Nbd7 7.Nc3 e5 8.e4 c6 9.h3
Qb6 10.c5 dxc5 11.dxe5 Ne8 12.Na4 Qa6 13.Qc2 c4 14.Bf4 Nc7 15.Rfd1 Ne6 16.Rd6
b5 17.Nc3 Ndc5 18.Nd5 Kh8 19.Nf6 Qb7 20.Rad1 Nd3 21.R1xd3 cxd3 22.Qxd3 c5
23.Qd2 Nxf4 24.Qxf4 Be6 25.Ng5 h6 26.Nxe6 fxe6 27.Qg4 Rad8 28.Rxd8 Rxd8 {#r}
1-0

[Event "It (open) \"]
[Site "masterchessopen.com Gausdal (Norway)"]
[Round "0"]
[White "Jelling Erik (DEN)"]
[Black "Kordonowski Frank (GER)"]
[Result "1-0"]
[WhiteElo "2400"]
[BlackElo "2034"]

1.d4 Nf6 2.c4 g6 3.Nf3 d6 4.g3 Bg7 5.Bg2 O-O 6.O-O Nbd7 7.Nc3 e5 8.e4 c6 9.h3
h6 10.Be3 Kh7 11.Qc2 Nh5 12.Rad1 Qe7 13.Rd2 Nb6 14.b3 f5 15.dxe5 dxe5 16.exf5
Bxf5 17.Ne4 Nd7 18.Nh4 Nf4 19.Nxf5 Rxf5 20.gxf4 exf4 21.Rfd1 Ne5 22.Bc5 Qh4
23.f3 Re8 24.Bxa7 Nxf3+ 25.Bxf3 Qxh3 26.Bg2 Qg4 27.Nd6 {#r} 1-0